| 000 | 01392cam a22003497a 4500 | ||
|---|---|---|---|
| 999 |
_c332464 _d332464 |
||
| 001 | 17100397 | ||
| 003 | NUST | ||
| 005 | 20171206144844.0 | ||
| 008 | 111230s2011 pk 000 0 urd | ||
| 010 | _a 2011314957 | ||
| 020 | _a9789698527815 | ||
| 025 | _aP-U-2011314957; 10 | ||
| 037 |
_bLibrary of Congress -- Islamabad Overseas Office _cRs 150.00 |
||
| 040 |
_aDLC _cDLC |
||
| 042 | _alcode | ||
| 050 | 0 | 0 | _aMLCSA 2011/00847 (P) |
| 066 |
_c(3 _c(4 |
||
| 082 |
_a891.4391 _bABA |
||
| 100 | 1 |
_6880-01 _aAsadī, K̲h̲ālid ʻAbbās. _97020 |
|
| 245 | 1 | 0 |
_6880-02 _aPāk Cīn dostī : _bqit̤āʻāt / _cK̲h̲ālid ʻAbbās Asadī. |
| 246 | 1 |
_iTitle on t.p. verso: _aPak Cheen dosti |
|
| 250 |
_6880-03 _aIshāʻat 1. |
||
| 260 |
_6880-04 _aLāhaur : _bKāg̲h̲azī Pairahan, _c2011. |
||
| 300 |
_a76 p. ; _c22 cm. |
||
| 500 | _aPoems. | ||
| 546 | _aIn Urdu. | ||
| 880 | 1 |
_6100-01/(3/r _aاسدى، خالد عبّاس. |
|
| 880 | 1 | 0 |
_6245-02/(4/r _aپاک چين دوستى : _bقطاعات / _cخالد عبّاس اسدى. |
| 880 |
_6250-03/(3/r _aاشاعت 1. |
||
| 880 |
_6260-04/(3/r _aلاهور : _bکاغزى پيرهن، _c2011. |
||
| 906 |
_a7 _bcbc _corigode _d4 _encip _f20 _gy-nonroman |
||
| 942 |
_2ddc _cBK |
||